00574nam a22001817a 450000500170000000800410001702000290005802000290008704000130011605000180012910000190014724501020016626000260026830000440029450000190033865000130035770000220037020221206074035.0221205b |||||||| |||| 00| 0 eng d a9781446273883qpaper bag a9781446273876qpaper bag aKMUcKMU aH 62 Jen 2016 aCharles Laurie aDoing real research:bA practical guide to social research/cCharles Laurie and Eric Allen Jensen a London:bSAGE,c2016 axxiii,374 pages; billustration;c 24cm aincludes index 2Research aEric Allen Jensen